000 00433nam a2200169 i 4500
001 bg
100 1 _aWIEDER, H. H.
245 0 _aLaboratory Notes on Electrical and Galvanomagnetic Measurements /
_cH.H. Wieder.
260 _aAmsterdam :
_bElsevier,
_c1979.
020 _a044441763X
040 _cBPK
041 _apol
080 _a621.3
920 _a0-444-41763-X
942 _cKS
008 s pl f |000 0 pol
999 _c18417
_d18417
856 _uhttp://koha.tu.koszalin.pl/cgi-bin/koha/opac-detail.pl?biblionumber=18417
_yKatalog online BPK